Statistiques concernant Ce renouveau - La Reine des Neiges (Paroles)

Cliquez ici pour prendre le quiz!

Statistiques générales

  • Ce quiz a été pris 308 fois
  • Le résultat moyen est 265 sur 337

Statistiques - réponses

Paroles% Correct
ce
97%
Ce
97%
Je
96%
je
96%
le
96%
Le
96%
renouveau
95%
à
94%
de
94%
De
94%
Anna | ElsaLa
93%
la
93%
les
93%
Les
93%
ou
93%
va
93%
vais
93%
Dans
92%
dans
92%
et
91%
Et
91%
fêter
91%
ma
91%
me
90%
En
89%
il
89%
Il
89%
ElsaPas
89%
pas
89%
si
88%
qui
87%
Qui
87%
bon
86%
ça
86%
ne
86%
bal
85%
bel
85%
AnnaOuvrez
85%
sent
85%
soir
85%
cet
84%
du
84%
robe
84%
Mais
83%
seul
83%
grands
82%
que
82%
qu'il
82%
salon
82%
satin
82%
seule
82%
air
81%
ces
81%
matin
81%
petits
81%
plats
81%
tout
81%
des
80%
nous
80%
un
80%
Un
80%
bien
79%
mettez
79%
parle
79%
volets
79%
avait
78%
Faire
78%
faire
78%
jusqu'au
78%
n'y
78%
plus
78%
portes
78%
temps
78%
couloirs
77%
dansant
77%
serai
77%
Fait
76%
invités
76%
Laissez
76%
tes
76%
ElsaCache
75%
change
75%
entrer
75%
l'air
75%
N'en
75%
pouvoirs
75%
saura
75%
secret
75%
une
75%
Une
75%
belle
74%
n'est
74%
seront
74%
attention
73%
Enfin
73%
longs
73%
moi
73%
survivra
73%
aux
72%
entrons
72%
est
72%
tant
72%
vie
72%
cela
71%
c'est
71%
chocolat
71%
dérange
71%
hâte
71%
monde
71%
ouvrir
71%
pis
71%
tellement
71%
tenue
71%
toute
71%
ElsaDites
70%
gardes
70%
inconnu
70%
j'avais
69%
vivants
69%
Car
68%
coup
68%
faut
68%
j'ai
68%
J'ai
68%
J'étais
68%
faux
67%
journée
67%
m'aidera
67%
qu'une
67%
sais
67%
face
66%
fille
66%
magie
66%
soirée
66%
formelles
65%
forte
65%
grâce
65%
Ils
65%
jeune
65%
pleine
65%
apparaître
64%
art
64%
bizarre
64%
d'une
64%
pression
64%
Tu
64%
histoire
63%
raffinée
63%
rêvé
63%
changer
62%
donne
62%
parlerons
62%
sentirais
62%
tous
62%
chance
61%
dire
61%
l'homme
61%
d'espoir
60%
qu'ils
60%
tenterai
60%
veulent
60%
Puis
59%
peuvent
58%
plaît
58%
rencontrais
58%
raisonnable
57%
Sans
56%
veux
56%
romance
55%
rêver
54%
surexcitée
54%
exaltée
53%
jamais
52%
moment
51%
maintenant
49%
d'accueillir
48%
Enflammée
48%
sentiments
48%
peine
47%
régneras
47%
d'états
46%
d'âmes
45%
dont
45%
l'amour
45%
sens
45%
tour
45%
AnnaTrouver
45%
cette
41%
quitter
37%
d'ivoire
36%
Sereine
36%
ElsaSois
26%
sage
24%
m'apporte
19%

Distribution des résultats

Percentile par nombre de réponses

% des personnes avec chaque résultat

Votre développement - résultats

Vous n’avez pas pris ce quiz